000 00369nam a2200133 i 4500
001 bg
100 1 _aKORZENIOWSKI, Władysław
245 0 _aOdległość między elementami zagospodarowania terenu inwestycji /
_cWładysław Korzeniowski.
260 _aWarszawa,
_c1976.
040 _cBPK
041 _apol
942 _cKS
008 s pl f |000 0 pol
999 _c17060
_d17060
856 _uhttp://koha.tu.koszalin.pl/cgi-bin/koha/opac-detail.pl?biblionumber=17060
_yKatalog online BPK